Statistiken für Inselstaaten im Pazifischen Ozean

Klicken Sie hier um das Quiz zu spielen!

Allgemein

  • Dieses Quiz wurde 1,953 mal gespielt
  • Das Durchschnittsergebnis liegt bei 16 aus 19

Antwortstatistiken

km2 Land % Korrekt
1,904,569Indonesien
96%
270,467Neuseeland
94%
18,272Fidschi
91%
342,353Philippinen
90%
702F.S. Mikronesien
90%
462,840Papua-Neuguinea
88%
747Tonga
87%
459Palau
86%
26Tuvalu
86%
377,930Japan
86%
181Marshallinseln
85%
12,189Vanuatu
85%
21Nauru
85%
811Kiribati
84%
2,842Samoa
84%
28,896Salomonen
81%
36,193Taiwan
80%
710Singapur
67%
5,765Brunei
66%

Verteilung der Resultate

Perzentil nach korrekt beantworteten Fragen

Anzahl Personen mit jedem Resultat

Ihre Resultats-Entwicklung

Sie haben dieses Quiz noch nicht gespielt